00505nam a2200193 a 4500001001300000003000900013005001700022008004100039020001000080082001600090245006000106260002300166300000900189500003500198505001700233650002400250650002800274710000900302nice12345678IN_TiNIC20260116012615.0050524s1948 lona grp 000 0 eng  ac10000a262.91bSPC aLambeth Conferenceb Encyclical Letter from the Bishops aLondonbSpckc1948 a120p aincludes index and biblioraphy2 aIndex, Hymns aEncyclicals-Bishops aLambeth Conference 19482 aSpck